Production de gaz (mort subite) - Statistiques

Statistiques générales
  • Ce quiz a été pris 32 fois
  • Le résultat moyen est 17 sur 25
Answers on the Grid
Answers color-coded by a green-red scale on the quiz's grid according to % correct below.
Chou-fleur
Aliment gras
Pois chiche
Badiane
Brocoli
Pain
Flageolets
Lentille
Menthe
Blé
Chou
Edulcorant
Oignon
Mélisse
Produits laitiers
Boisson gazeuse
Poivron
Carotte
Betterave
Pruneau
Ail
Noix
Chewing-gum
Raisin sec
Pomme de terre
Pâte
Orge
Champignon
 
Statistiques - réponses
Réponse % Correct
Aliment gras
100%
Chou
89%
Pois chiche
89%
Chou-fleur
78%
Flageolets
78%
Lentille
78%
Pain
78%
Poivron
78%
Ail
67%
Betterave
67%
Blé
67%
Boisson gazeuse
67%
Brocoli
67%
Pâte
67%
Pomme de terre
67%
Produits laitiers
67%
Pruneau
67%
Carotte
56%
Champignon
56%
Chewing-gum
56%
Edulcorant
56%
Noix
56%
Oignon
56%
Orge
56%
Raisin sec
44%
Aucun quiz correspondant
Distribution des résultats
% des personnes avec chaque résultat
Percentile par nombre de réponses
Votre historique - résultats
Vous n’avez pas pris ce quiz